| 000 | 02549nam a2200289Ia 4500 | ||
|---|---|---|---|
| 999 |
_c56466 _d56466 |
||
| 001 | 23579 | ||
| 003 | GE_BSU | ||
| 005 | 20191004162509.0 | ||
| 008 | 181216s2018||||ru |||||||||||||| ||rus|| | ||
| 020 | _a9789941462801 | ||
| 040 | _cGE_BSU | ||
| 080 | _a330.34(063) M-43 | ||
| 245 |
_aМеждународная научно-практическая конференция "Молодежное предпринимательство в странах восточного партнертсва: опыт формирования и перспективы развития". 13-14 сентября. _bВ рамках реализации проекта "Высшие учебные заведения для молодежного предпринимательства" по программе Erasmus+. Тезисы / _cпрограмный комитет : М. Халваши ; В.Гросул ; И. Дидманидзе и др. |
||
| 264 |
_aБатуми, _c2018. |
||
| 300 |
_a220 стр.: _c20 см. |
||
| 505 | _aБибл. в конце текстов. | ||
| 653 | _aВ рамках реализации проекта "Высшие учебные заведения для молодежного предпринимательства" по программе Erasmus+. | ||
| 653 | _aМеждународная научно-практическая конференция "Молодежное предпринимательство в странах восточного партнертсва: опыт формирования и перспективы развития | ||
| 653 | _aТезисы | ||
| 653 | _aЭкономика | ||
| 653 | _aეკონომიკა | ||
| 700 |
_aХалваши , М _eМеждународн. програмный комитет _94540 |
||
| 700 |
_aГросул, В _eМеждународн. програмный комитет _94541 |
||
| 700 |
_aДидманидзе , И _eМеждународн. програмный комитет _94542 |
||
| 710 |
_eБатумский гос. ун-т им. Шота Руставели., Харьковский гос. ун-т питания и торговли., Армянский гос. экономич.ун-т., Белорусск. торгово-экономич. ун-т потребительской кооперации., технич. ун-т Молдовы. Экономич. акад. Молдовы., МАНИО. Пубичная физико-математич. школа №6 г. Батуми. _94543 |
||
| 942 |
_cBK _2udc |
||